[Event "EICC 2021"]
[Site "Reykjavik"]
[Date "2021.09.02"]
[Round "8.30"]
[White "Bosiocic, Marin"]
[Black "Gretarsson, Helgi Ass"]
[Result "0-1"]
[WhiteElo "2610"]
[BlackElo "2447"]
[Annotator "TA"]
[PlyCount "108"]
[EventDate "2021.08.26"]
[EventType "swiss"]
[EventCountry "ISL"]
[Tiebreak "Cut1 Buchholz"]
[SourceTitle "playchess.com"]
[Source "ChessBase"]
[SourceQuality "1"]

{[%evp 20,108,21,15,15,14,17,0,40,29,32,32,22,23,93,23,101,88,69,35,25,23,34,3,
6,6,6,6,6,3,6,6,6,13,6,1,8,2,32,12,6,4,8,0,0,0,0,0,0,0,4,0,0,0,12,7,67,68,85,
15,20,13,17,0,0,0,0,0,0,0,0,-17,-17,-121,-110,-104,-102,-151,-166,-142,-137,
-858,-858,-4132,-1904,-29983,-29984,-29996,-29997,-29997,-29998]} 1. d4 d5 2.
c4 c6 3. Nf3 Nf6 4. Qc2 dxc4 5. Qxc4 Bf5 6. g3 e6 7. Bg2 Be7 8. O-O O-O 9. Nc3
Nbd7 10. Re1 Ne4 {10...Bg6 is not played anymore.} 11. Bf4 Re8 {D23: Queen's
Gambit Accepted: 3 Nf3 Nf6 sidelines.} 12. Ne5 Nxe5 {[#]} 13. Bxe5 $146 ({
Predecessor:} 13. dxe5 Nxc3 14. Qxc3 Bg4 15. h3 Bh5 16. Be3 Qc7 17. Rac1 Red8
18. a3 {1/2-1/2 (18) Figlio,G (2447)-Cilloniz Razzeto,A (2440) ICCF email 2009}
) 13... Nd6 {The position is equal.} (13... Nd2 $5 {[%cal Rd2c4]} 14. Qa4 Qb6
$11) 14. Qb3 Qb6 15. e4 {Strongly threatening Bxd6.} Bg6 16. d5 exd5 (16...
Qxb3 $11 17. axb3 exd5) 17. exd5 (17. Qxb6 $1 $16 axb6 18. exd5) 17... c5 (
17... Qxb3 $11 18. axb3 c5) 18. Qxb6 $1 $16 axb6 19. Bf1 f6 20. Bf4 Bf8 21. Nb5
Rxe1 22. Rxe1 Nxb5 23. Bxb5 {And now d6 would win.} Bf7 $1 24. a4 Bxd5 25. Bc7
Kf7 26. Bxb6 c4 27. f4 Bb4 28. Rd1 Ke6 29. f5+ Ke5 30. Kf2 Ba5 31. Be3 Rd8 32.
Rd4 c3 33. bxc3 Bxc3 34. Rg4 Rg8 ({Reject} 34... Kxf5 $6 35. Rxg7 h5 36. Rh7
$16) 35. Bc4 h5 36. Rh4 {Hoping for Bf4+.} Rd8 37. Bd3 {Black should prevent
Bf4+.} Kd6 (37... Bc6 $11 38. Bf4+ Kd5) 38. Rxh5 $14 Bc6 39. Bb5 ({White
should try} 39. Rh4 $16) 39... Bxb5 $11 40. axb5 {[%mdl 4096] Endgame KRB-KRB}
Ke5 41. Rh7 Rg8 42. Rh5 Ke4 43. Bf4 Ra8 44. Kg2 $1 Ra5 45. b6 Bd4 46. Rh7 (46.
Rh4 $1 $11 {remains equal.} Ra2+ 47. Kh3 Kxf5 48. Bc7) 46... Ra2+ $1 $17 47.
Kh3 {aiming for Kg4.} Kxf5 48. Bc7 ({But not} 48. Rxg7 $2 Bg1 $19) 48... g5 49.
g4+ {[#]} Ke4 $1 {[%cal Re4f3] Threatens to win with ...Kf3.} 50. Re7+ $2 {
[%mdl 8192] [#] This move loses the game for White.} (50. Rd7 $17) 50... Kf3 $1
$19 {( -> ...Ra8)} 51. Re8 f5 52. gxf5 Bf6 {[%csl Gf3][%cal Rg5g4] Black mates.
} 53. Rg8 {[#]} Ra8 $3 {[%mdl 512]} 54. Be5 (54. Bd8 Rxd8) 54... g4+ {Weighted
Error Value: White=0.56/Black=0.10} 0-1

[Event "EICC 2021"]
[Site "Reykjavik"]
[Date "2021.09.02"]
[Round "8.31"]
[White "Antipov, Mikhail Al."]
[Black "Loiseau, Quentin"]
[Result "1-0"]
[WhiteElo "2607"]
[BlackElo "2466"]
[Annotator "TA"]
[PlyCount "69"]
[EventDate "2021.08.26"]
[EventType "swiss"]
[EventCountry "ISL"]
[Tiebreak "Cut1 Buchholz"]
[SourceTitle "playchess.com"]
[Source "ChessBase"]
[SourceQuality "1"]

{[%evp 12,69,13,5,0,-9,13,15,41,13,25,16,27,16,18,0,27,-18,-17,-17,-20,-20,-28,
-16,-26,-61,-34,-31,-77,-133,38,31,35,33,45,34,28,24,26,24,24,32,143,138,143,
142,137,143,162,160,345,326,354,358,378,379,474,470,489,484]} 1. e4 c5 2. Nf3
e6 3. d4 cxd4 4. Nxd4 Nf6 5. Nc3 Nc6 6. a3 Be7 7. Be3 O-O {B45: Sicilian Four
Knights.} 8. Be2 Qc7 9. Qd2 $5 {[%mdl 4] Leaves trodden paths.} d6 {[#] The
position is equal.} 10. h4 $146 ({Predecessor:} 10. g4 a6 11. h4 Ne5 12. Rg1
Nc4 13. Bxc4 Qxc4 14. g5 Nd7 15. h5 Ne5 16. O-O-O {1-0 (24) Fernandez
Bustamante,L (2037)-Obregon Garcia,R (2202) San Nicolas de Bari 2018}) 10...
Nxd4 11. Qxd4 Bd7 12. h5 h6 13. g4 e5 14. Qd3 Bxg4 15. Rg1 Bxe2 (15... Bxh5 $2
16. Bxh5 Nxh5 17. Bxh6 $18) 16. Qxe2 Kh8 17. O-O-O Rac8 18. Rg3 Qc4 19. Qf3 Rg8
20. Rdg1 {[#]} ({White should play} 20. Kb1) 20... Nxe4 $2 21. Qxe4 $14 Qxe4
22. Nxe4 {Strongly threatening Nc3.} f5 $1 23. Nc3 {Threatens to win with Nd5.}
f4 {[%mdl 64] [#] Double Attack} 24. Nd5 $1 Bd8 25. Nxf4 exf4 26. Bxf4 Rc5 {[#]
} (26... Bf6 $14) 27. Bxh6 $1 $16 {[%mdl 576] Pin} Bf6 28. Be3 $36 {[%mdl 2048]
White is in control.} Rxh5 29. Bxa7 Rc8 30. Rb3 d5 $2 (30... Rc7 $16 {is a
better defense.} 31. Rd1 Bg5+ 32. Be3 Bxe3+ 33. fxe3 (33. Rxe3 Rf5 $16) 33...
Rh2) 31. Rxb7 $18 Kh7 32. Rd1 Re5 33. c3 Re2 34. Rxd5 Kg6 35. Be3 {Weighted
Error Value: White=0.08/Black=0.33} 1-0

[Event "EICC 2021"]
[Site "Reykjavik"]
[Date "2021.09.02"]
[Round "8.32"]
[White "Mazur, Stefan"]
[Black "Sivuk, Vitaly"]
[Result "0-1"]
[WhiteElo "2416"]
[BlackElo "2589"]
[Annotator "TA"]
[PlyCount "76"]
[EventDate "2021.08.26"]
[EventType "swiss"]
[EventCountry "ISL"]
[Tiebreak "Cut1 Buchholz"]
[SourceTitle "playchess.com"]
[Source "ChessBase"]
[SourceQuality "1"]

{[%evp 9,76,37,52,32,13,20,48,24,17,12,30,24,35,0,-1,-6,5,14,37,21,39,-103,-95,
-102,-98,-102,-102,-119,-134,-127,-114,-120,-128,-132,-131,-133,-146,-141,-121,
-142,-141,-138,-144,-256,-243,-337,-337,-443,-449,-475,-411,-446,-427,-508,
-485,-486,-472,-547,-525,-571,-571,-583,-582,-582,-576,-564,-565,-652,-641]} 1.
e4 g6 2. d4 Bg7 3. Nf3 d6 4. Bc4 e6 5. Nc3 Ne7 6. Bg5 {B06: Modern Defence.} h6
7. Be3 a6 8. a4 {White is slightly better.} d5 9. Bd3 dxe4 {[#]} 10. Bxe4 $146
({Predecessor:} 10. Nxe4 O-O 11. Qd2 Nf5 12. c3 Nxe3 13. fxe3 Nc6 14. O-O e5
15. Bc4 Bf5 16. Ng3 {0-1 (36) Maras,A (2127)-Torres Sanchez,J (2278) Split 2012
}) 10... Nd7 {[%cal Bb8d7,Bd7f6,Bf6d5,Bd5e3][%mdl 32]} 11. d5 exd5 12. Nxd5
Bxb2 {Threatens to win with ...Nxd5.} 13. O-O Nxd5 14. Bxd5 Nf6 15. Rb1 Nxd5
$17 {Black converts the advantage convincingly.} ({Reject} 15... Qxd5 $6 16.
Rxb2 O-O 17. Bxh6 $14) 16. Rxb2 Nxe3 17. Qe2 {[%mdl 64] [#] Pin} Qe7 $1 18.
fxe3 (18. Qxe3 Qxe3) 18... O-O 19. e4 Qc5+ 20. Kh1 b6 21. Qd2 Kg7 22. Rb3 Bb7
23. Rc3 Qe7 24. Qd4+ f6 25. Qc4 Rf7 26. h4 (26. Re1 $17) 26... Qxe4 $19 27. Qb3
Bd5 28. Qb2 Qxa4 29. h5 g5 30. Re3 Qg4 {Black is clearly winning.} 31. c4 Qxh5+
32. Kg1 Bxc4 33. Rc1 Qg4 34. Rd1 Rd7 35. Rde1 {intending Re4.} Bf7 36. Re4 Qf5
37. Nd4 Qc5 38. Kh1 Rad8 {Weighted Error Value: White=0.33/Black=0.06} 0-1

[Event "EICC 2021"]
[Site "Reykjavik"]
[Date "2021.09.02"]
[Round "8.33"]
[White "Saraci, Nderim"]
[Black "Thybo, Jesper Sondergaard"]
[Result "0-1"]
[WhiteElo "2455"]
[BlackElo "2587"]
[Annotator "TA"]
[PlyCount "134"]
[EventDate "2021.08.26"]
[EventType "swiss"]
[EventCountry "ISL"]
[Tiebreak "Cut1 Buchholz"]
[SourceTitle "playchess.com"]
[Source "ChessBase"]
[SourceQuality "1"]

{[%evp 13,134,22,21,-8,2,16,64,21,24,24,45,24,33,18,23,10,14,13,18,-93,-95,
-102,-102,-102,-88,-138,-104,-113,-44,-52,-52,-52,-53,-53,-57,-51,-50,-53,-40,
-44,-37,-47,-46,-47,-47,-55,-55,-55,-55,-58,-43,-48,-45,-48,-39,-44,-44,-47,
-34,-42,-35,-40,-35,-41,-35,-35,-16,-70,-69,-101,-101,-100,-100,-96,-70,-71,
-71,-71,-71,-71,-55,-58,-46,-73,-73,-75,-77,-124,-146,-139,-140,-153,-153,-206,
-153,-142,0,-220,-220,-208,-192,-431,-427,-712,-671,-518,-220,-221,-223,-408,
-391,-29968,-325,-317,-309,-6041,-5829,-29962,-29960,-29960,-5402,-5949,-12819]
} 1. d4 Nf6 2. c4 g6 3. Nc3 d5 4. Bg5 Ne4 5. Bh4 Nxc3 6. bxc3 dxc4 7. e3 Be6 8.
Qb1 {D80: Grünfeld: Unusual White 4th moves and 4 Bg5.} b6 9. Nf3 h6 $5 {
[%mdl 4] A promising side line.} 10. Be2 {White is slightly better.} Bg7 11.
O-O O-O 12. Nd2 c5 {[#]} 13. Nxc4 $146 ({Predecessor:} 13. Bf3 Nd7 14. Bxa8
Qxa8 15. f3 cxd4 16. exd4 Nf6 17. Bxf6 Bxf6 18. Qb4 Qd5 19. Ne4 {1-0 (39)
Stremavicius,T (2452)-Malisauskas,V (2423) Plateliai 2015}) 13... cxd4 14. cxd4
Nc6 15. Rd1 Rc8 {[%cal Rc6d4] Strongly threatening ...Nxd4.} 16. Nd2 (16. Na3
$11 {remains equal.}) 16... Nxd4 $1 $17 17. exd4 Qxd4 18. Bxe7 Rfe8 19. Nb3 Qe5
20. Ba6 {Threatens to win with Bd6.} Bxb3 ({Of course not} 20... Rxe7 $6 21.
Bxc8 Bxc8 22. Re1 $11) (20... Bf5 $1 $17 {[%cal Rf5b1]} 21. Bd6 Qe6 22. Bxc8
Rxc8) 21. Qxb3 Qxe7 22. Bxc8 {Hoping for Rac1.} Bxa1 23. Ba6 Qf6 24. Qd5 Kg7
25. g3 Re5 26. Qd6 Re6 27. Qd5 Be5 28. Rd3 Rd6 29. Qe4 Bd4 30. Rf3 Qe6 31. Qxe6
fxe6 $15 {[%mdl 4096] Endgame KRB-KRB} 32. Bb5 e5 33. Kf1 Rd5 34. Bc4 Rd7 35.
h4 Rc7 36. Bd3 h5 37. Ke2 Rc3 38. Be4 Rc5 39. a4 a6 40. Ra3 ({Better is} 40. g4
$11) 40... Ra5 41. Bc6 b5 $1 42. Be8 Kh6 43. Bc6 b4 {[%cal Bb5b4,Bb4b3,Bb3b2]
[%mdl 32]} 44. Rf3 Rc5 45. Be4 Kg7 46. g4 hxg4 47. Rg3 Rc1 48. Rxg4 b3 49.
Rxg6+ Kf7 $1 50. Rh6 b2 51. Rh7+ Kf6 52. Rh6+ Ke7 53. Rh7+ (53. Rxa6 $17 Rh1
54. Rh6) 53... Ke6 54. Rh6+ Ke7 (54... Kd7 $1 $17 55. Rxa6 Rh1 $1 {[%mdl 64]
Promotion}) 55. Rh7+ $19 Kd6 56. Rb7 {[#] With the idea h5.} Rg1 $1 57. Kf3 $2
{[#]} (57. h5 Rg4 58. Kd3) 57... Rf1 $1 58. h5 (58. Kg3 $142 Rxf2 59. Rb3)
58... Rxf2+ 59. Kg3 {intending h6.} Rf6 (59... Re2 $142 60. Bb1 Re1) 60. a5 Kc5
61. Rb6 $2 (61. Bd3) 61... Rf4 62. h6 $2 (62. Bc2 $19 Kd5 63. Rb8) 62... Bf2+
$2 (62... Rxe4 {mates} 63. h7 Re3+ 64. Kg4 e4 65. Kf4 Re1 66. Rb8 b1=Q 67. h8=Q
Qc1+ 68. Kf5 Rf1+ 69. Kg6 Rg1+ 70. Kh7 Rh1+ 71. Kg6 Rxh8 72. Rxh8 Bxh8 73. Kh7
Qh1+ 74. Kg8 Qh6 75. Kf7 Kd6 76. Ke8 Qg7 77. Kd8 Qg8#) 63. Kg2 {aiming for h7.}
Rxe4 64. Rxb2 $2 (64. h7 Rh4 65. Kxf2) 64... Bd4 65. Rb6 Rh4 66. Rxa6 Be3 (
66... e4 $142 67. Kg3 Rh1 68. Kf4 Kd5 69. Ra8 e3 70. Rd8+ Kc4 71. Re8 Kd3 72.
Re6 e2 73. h7 Rxh7 74. Rxe2 Rf7+ {[%mdl 64] Zwischenzug} 75. Kg5 Kxe2 76. Kg6
Rf8 77. Kh6 Rg8 78. Kh7 Rg7+ 79. Kh8 Kf3 80. a6 Kf4 81. a7 Rxa7+ {[%mdl 64]
Discovered Attack} 82. Kg8 Bc5 83. Kh8 Kf5 84. Kg8 Kg6 85. Kh8 Ra8#) 67. Re6
Kd5 {Weighted Error Value: White=0.23/Black=0.15} 0-1

[Event "EICC 2021"]
[Site "Reykjavik"]
[Date "2021.09.02"]
[Round "8.34"]
[White "Stefansson, Vignir Vatnar"]
[Black "Paichadze, Luka"]
[Result "0-1"]
[WhiteElo "2371"]
[BlackElo "2564"]
[Annotator "TA"]
[PlyCount "116"]
[EventDate "2021.08.26"]
[EventType "swiss"]
[EventCountry "ISL"]
[Tiebreak "Cut1 Buchholz"]
[SourceTitle "playchess.com"]
[Source "ChessBase"]
[SourceQuality "1"]

{[%evp 20,116,17,0,13,1,0,-4,0,0,0,0,0,0,0,0,0,0,0,0,0,-4,0,0,0,0,0,0,0,-11,
-12,-32,-31,-31,-34,-33,-35,-37,-32,-32,-32,-32,-31,-33,-33,-33,-33,-35,-19,
-26,-29,-54,-47,-72,-72,-72,-72,-74,-72,-72,-71,-98,-72,-97,-72,-83,-72,-95,
-57,-47,-62,-98,-95,-97,-75,-145,-145,-147,-142,-158,-146,-161,-139,-169,-149,
-155,-148,-433,-431,-878,-883,-736,-727,-718,-519,-2012,-1980,-5531,-2095]} 1.
Nf3 Nf6 2. c4 e6 3. g3 c5 4. Bg2 Nc6 5. Nc3 d5 6. cxd5 Nxd5 7. O-O Be7 8. d4
O-O 9. Nxd5 exd5 10. dxc5 Bxc5 11. Bf4 Bf5 {D41: Queen's Gambit Declined:
Semi-Tarrasch with 5 cxd5.} 12. Rc1 Bb6 13. Ne5 Nxe5 {The position is equal.}
14. Bxe5 Re8 15. Bd4 Bxd4 16. Qxd4 Rxe2 17. Bf3 Re7 18. Qxd5 Qxd5 19. Bxd5 Rd8
{[#]} 20. Bf3 $146 (20. Rfe1 {keeps more tension.} Red7 21. Bb3 Kf8 22. f3 h5
23. Red1) ({Predecessor:} 20. Rfd1) 20... h6 21. Rfd1 Rxd1+ 22. Rxd1 $11 {
[%mdl 4096] Endgame KRB-KRB} g5 23. g4 Be6 24. Kg2 Rc7 25. Rd4 b6 26. a3 Rc2
27. Rb4 Kg7 28. Be4 Rd2 29. h3 Rd6 30. Bf3 Kf6 31. Ra4 a5 {...Rd2 is the
strong threat.} 32. Re4 Rd3 33. Re2 Bb3 34. Be4 Rd4 35. Re3 Bc4 36. b3 Be6 37.
Bf3 Rd2 38. a4 Rb2 39. Bd1 Rb1 40. Rd3 Ke5 41. Kf3 f5 42. Ke3 Rc1 43. Kd2 Rc6
44. Re3+ Kf6 45. gxf5 Bxf5 46. Bg4 Bg6 47. Rf3+ (47. Ke2 $142) 47... Ke5 $17
48. Re3+ {[#]} Kd4 $1 49. Bd1 Rf6 50. Ke1 Be4 51. Be2 Rf5 52. Rg3 Rf4 53. Bc4
$2 {[%mdl 8192] [#] This move loses the game for White.} (53. Bd1 $17 {was
necessary.}) 53... Rf3 $19 {Black is clearly winning.} 54. Rxf3 (54. Rg1 $142
Rxh3 55. Rg4) 54... Bxf3 55. Kd2 h5 56. Bf1 h4 57. Kc2 (57. Bc4 $142 g4 58. Be6
) 57... g4 58. hxg4 Bxg4 {Weighted Error Value: White=0.45/Black=0.07} 0-1

[Event "EICC 2021"]
[Site "Reykjavik"]
[Date "2021.09.02"]
[Round "8.35"]
[White "Hillarp Persson, Tiger"]
[Black "D`Costa, Lorin"]
[Result "1-0"]
[WhiteElo "2543"]
[BlackElo "2381"]
[Annotator "ChessBase"]
[PlyCount "59"]
[EventDate "2021.08.26"]
[EventType "swiss"]
[EventCountry "ISL"]
[Tiebreak "Cut1 Buchholz"]
[SourceTitle "playchess.com"]
[Source "ChessBase"]
[SourceQuality "1"]
[TimeControl "40/5400+30:1800+30"]

1. d4 {[%emt 0:00:02]} d5 {[%emt 0:02:17]} 2. c4 {[%emt 0:01:55]} c6 {[%emt 0:
00:19]} 3. Nf3 {[%emt 0:00:27]} Nf6 {[%emt 0:00:20]} 4. e3 {[%emt 0:00:47]} Bf5
{[%emt 0:00:45]} 5. Nc3 {[%emt 0:00:47]} e6 {[%emt 0:00:24]} 6. Nh4 {[%emt 0:
00:37]} Be4 {[%emt 0:01:14]} 7. f3 {[%emt 0:00:44]} Bg6 {[%emt 0:00:14]} 8. Qb3
{[%emt 0:00:21]} Qc7 {[%emt 0:00:38]} 9. Bd2 {[%emt 0:09:10]} Be7 {[%emt 0:00:
27]} 10. Nxg6 {[%emt 0:20:11]} hxg6 {[%emt 0:01:01]} 11. O-O-O {[%emt 0:01:15]}
dxc4 {[%emt 0:22:16]} 12. Qxc4 {[%emt 0:04:07]} a6 {[%emt 0:03:51]} 13. Kb1 {
[%emt 0:17:03]} b5 {[%emt 0:06:51]} 14. Qe2 {[%emt 0:00:29]} c5 {[%emt 0:31:57]
} 15. dxc5 {[%emt 0:01:47]} Nc6 {[%emt 0:03:25]} 16. Rc1 {[%emt 0:00:51]} O-O {
[%emt 0:06:39]} 17. g4 {[%emt 0:00:44]} Rfd8 {[%emt 0:01:43]} 18. g5 {[%emt 0:
01:25]} Nh5 {[%emt 0:03:53]} 19. Ne4 {[%emt 0:06:18]} Rd5 {[%emt 0:02:55]} 20.
f4 {[%emt 0:08:31]} e5 {[%emt 0:03:40]} 21. Bg2 {[%emt 0:09:07]} exf4 {[%emt 0:
01:23]} 22. exf4 {[%emt 0:00:10]} Rad8 {[%emt 0:01:00]} 23. Rhf1 {[%emt 0:08:
51]} Nd4 {[%emt 0:02:50]} 24. Qf2 {[%emt 0:00:48]} Nf5 {[%emt 0:00:48]} 25. Nd6
{[%emt 0:01:43]} Rd4 {[%emt 0:01:17]} 26. Be3 {[%emt 0:03:58]} Nxe3 {[%emt 0:
00:34]} 27. Qxe3 {[%emt 0:00:07]} Bxd6 {[%emt 0:00:30]} 28. Qxd4 {[%emt 0:00:
10]} Bxf4 {[%emt 0:00:17]} 29. Qe4 {[%emt 0:01:00]} Bxc1 {[%emt 0:00:28]} 30.
Rxc1 {[%emt 0:00:08]} 1-0

[Event "EICC 2021"]
[Site "Reykjavik"]
[Date "2021.09.02"]
[Round "8.36"]
[White "Suleymanli, Aydin"]
[Black "Koellner, Ruben Gideon"]
[Result "1/2-1/2"]
[WhiteElo "2536"]
[BlackElo "2418"]
[Annotator "ChessBase"]
[PlyCount "94"]
[EventDate "2021.08.26"]
[EventType "swiss"]
[EventCountry "ISL"]
[Tiebreak "Cut1 Buchholz"]
[SourceTitle "playchess.com"]
[Source "ChessBase"]
[SourceQuality "1"]
[TimeControl "40/5400+30:1800+30"]

1. d4 {[%emt 0:00:01]} d5 {[%emt 0:00:06]} 2. c4 {[%emt 0:00:05]} e6 {[%emt 0:
00:03]} 3. Nc3 {[%emt 0:00:11]} Nf6 {[%emt 0:00:03]} 4. Bg5 {[%emt 0:00:10]}
Be7 {[%emt 0:00:13]} 5. e3 {[%emt 0:00:04]} dxc4 {[%emt 0:00:47]} 6. Bxc4 {
[%emt 0:00:13]} a6 {[%emt 0:00:06]} 7. Qf3 {[%emt 0:03:07]} Ra7 {[%emt 0:00:40]
} 8. a4 {[%emt 0:00:57]} b6 {[%emt 0:00:06]} 9. Nge2 {[%emt 0:00:23]} Bb7 {
[%emt 0:00:17]} 10. Qh3 {[%emt 0:00:57]} Nc6 {[%emt 0:01:50]} 11. Nf4 {[%emt 0:
04:24]} h6 {[%emt 0:05:20]} 12. Rd1 {[%emt 0:06:03]} Nb4 {[%emt 0:00:41]} 13.
O-O {[%emt 0:02:00]} O-O {[%emt 0:02:11]} 14. Bxf6 {[%emt 0:06:10]} Bxf6 {
[%emt 0:00:06]} 15. d5 {[%emt 0:00:36]} exd5 {[%emt 0:01:03]} 16. Ncxd5 {
[%emt 0:06:29]} Bxd5 {[%emt 0:00:50]} 17. Nxd5 {[%emt 0:00:54]} Nxd5 {[%emt 0:
00:15]} 18. Rxd5 {[%emt 0:00:14]} Qb8 {[%emt 0:04:48]} 19. Rfd1 {[%emt 0:05:02]
} c6 {[%emt 0:01:13]} 20. Rd7 {[%emt 0:03:13]} Rxd7 {[%emt 0:00:18]} 21. Rxd7 {
[%emt 0:00:54]} Qe8 {[%emt 0:10:15]} 22. b3 {[%emt 0:06:24]} b5 {[%emt 0:00:20]
} 23. Bd3 {[%emt 0:03:56]} Qe5 {[%emt 0:01:20]} 24. g3 {[%emt 0:00:35]} a5 {
[%emt 0:03:45]} 25. Qg4 {[%emt 0:01:14]} h5 {[%emt 0:07:58]} 26. Qf3 {[%emt 0:
00:14]} bxa4 {[%emt 0:01:52]} 27. bxa4 {[%emt 0:00:22]} Rd8 {[%emt 0:01:23]}
28. Rxd8+ {[%emt 0:00:49]} Bxd8 {[%emt 0:00:06]} 29. Qxc6 {[%emt 0:00:11]} g6 {
[%emt 0:00:13]} 30. Bc4 {[%emt 0:00:37]} Kg7 {[%emt 0:00:24]} 31. Qd7 {[%emt 0:
00:13]} Be7 {[%emt 0:00:33]} 32. Qe8 {[%emt 0:00:22]} Qf6 {[%emt 0:00:16]} 33.
Qd7 {[%emt 0:02:42]} Qd6 {[%emt 0:02:44]} 34. Qb5 {[%emt 0:00:21]} Qc5 {
[%emt 0:00:36]} 35. Qb2+ {[%emt 0:00:36]} Bf6 {[%emt 0:03:31]} 36. Qb3 {
[%emt 0:00:05]} Qe7 {[%emt 0:00:21]} 37. Qb5 {[%emt 0:00:13]} Qe5 {[%emt 0:01:
17]} 38. Qb7 {[%emt 0:00:15]} Be7 {[%emt 0:00:39]} 39. Qb3 {[%emt 0:01:22]} Qf5
{[%emt 0:01:22]} 40. h4 {[%emt 0:00:48]} Bb4 {[%emt 0:01:02]} 41. Qd1 {[%emt 0:
31:11]} Qe5 {[%emt 0:30:31]} 42. Qf3 {[%emt 0:00:18]} Qf6 {[%emt 0:00:31]} 43.
Qd1 {[%emt 0:00:25]} Qe5 {[%emt 0:00:15]} 44. Qd7 {[%emt 0:00:54]} Be7 {
[%emt 0:00:14]} 45. Qe8 {[%emt 0:00:51]} Qf6 {[%emt 0:00:09]} 46. Kg2 {[%emt 0:
01:11]} Bb4 {[%emt 0:00:57]} 47. f4 {[%emt 0:03:32]} Qe7 {[%emt 0:00:19]}
1/2-1/2

[Event "EICC 2021"]
[Site "Reykjavik"]
[Date "2021.09.02"]
[Round "8.37"]
[White "Valsecchi, Alessio"]
[Black "Juksta, Karolis"]
[Result "0-1"]
[WhiteElo "2527"]
[BlackElo "2438"]
[Annotator "ChessBase"]
[PlyCount "80"]
[EventDate "2021.08.26"]
[EventType "swiss"]
[EventCountry "ISL"]
[Tiebreak "Cut1 Buchholz"]
[SourceTitle "playchess.com"]
[Source "ChessBase"]
[SourceQuality "1"]
[TimeControl "40/5400+30:1800+30"]

1. Nf3 {[%emt 0:00:07]} d5 {[%emt 0:00:10]} 2. d4 {[%emt 0:00:15]} e6 {[%emt 0:
02:12]} 3. c4 {[%emt 0:00:19]} Nf6 {[%emt 0:01:49]} 4. g3 {[%emt 0:00:28]} dxc4
{[%emt 0:00:54]} 5. Bg2 {[%emt 0:00:19]} a6 {[%emt 0:01:16]} 6. O-O {[%emt 0:
00:12]} Nc6 {[%emt 0:00:50]} 7. Qd2 {[%emt 0:00:18]} Bb4 {[%emt 0:15:52]} 8.
Qc2 {[%emt 0:00:17]} O-O {[%emt 0:02:47]} 9. Rd1 {[%emt 0:09:37]} Qe7 {[%emt 0:
04:41]} 10. Qxc4 {[%emt 0:07:23]} Rd8 {[%emt 0:08:12]} 11. Bg5 {[%emt 0:02:45]}
h6 {[%emt 0:06:25]} 12. Bxf6 {[%emt 0:01:48]} Qxf6 {[%emt 0:00:21]} 13. Nc3 {
[%emt 0:01:34]} Bxc3 {[%emt 0:11:38]} 14. Qxc3 {[%emt 0:04:57]} Qe7 {[%emt 0:
13:08]} 15. Rac1 {[%emt 0:06:18]} Bd7 {[%emt 0:03:03]} 16. a3 {[%emt 0:05:18]}
Be8 {[%emt 0:02:31]} 17. e3 {[%emt 0:01:50]} Rac8 {[%emt 0:01:39]} 18. Ne1 {
[%emt 0:01:45]} Rd6 {[%emt 0:02:27]} 19. Nd3 {[%emt 0:03:21]} b6 {[%emt 0:02:
21]} 20. f4 {[%emt 0:03:44]} a5 {[%emt 0:02:33]} 21. Ne5 {[%emt 0:08:35]} Na7 {
[%emt 0:10:02]} 22. Bh3 {[%emt 0:15:05]} c5 {[%emt 0:02:25]} 23. d5 {[%emt 0:
07:58]} Rcd8 {[%emt 0:00:55]} 24. e4 {[%emt 0:00:07]} exd5 {[%emt 0:01:03]} 25.
exd5 {[%emt 0:00:06]} Rxd5 {[%emt 0:00:50]} 26. Rxd5 {[%emt 0:00:08]} Rxd5 {
[%emt 0:00:03]} 27. Re1 {[%emt 0:00:07]} Qd8 {[%emt 0:00:54]} 28. Qe3 {[%emt 0:
00:28]} Rd1 {[%emt 0:00:46]} 29. Bd7 {[%emt 0:05:33]} Rxe1+ {[%emt 0:01:00]}
30. Qxe1 {[%emt 0:00:02]} Bxd7 {[%emt 0:00:27]} 31. Qd1 {[%emt 0:00:42]} Nc8 {
[%emt 0:02:01]} 32. Nxd7 {[%emt 0:01:19]} b5 {[%emt 0:00:19]} 33. Qd3 {[%emt 0:
04:22]} c4 {[%emt 0:00:19]} 34. Qd4 {[%emt 0:02:27]} b4 {[%emt 0:01:03]} 35.
axb4 {[%emt 0:01:24]} axb4 {[%emt 0:00:01]} 36. Kf2 {[%emt 0:01:49]} c3 {
[%emt 0:00:13]} 37. bxc3 {[%emt 0:00:05]} b3 {[%emt 0:01:11]} 38. f5 {[%emt 0:
00:59]} b2 {[%emt 0:00:28]} 39. Qd3 {[%emt 0:00:36]} Nb6 {[%emt 0:00:33]} 40.
Qb5 {[%emt 0:00:31]} Qxd7 {[%emt 0:00:25]} 0-1